Introducción al pensamiento contable de Richard Mattessich / (Registro nro. 24237)
[ vista simple ]
| 000 -LEADER | |
|---|---|
| fixed length control field | 02555cam a2200373 a 4500 |
| 003 - CONTROL NUMBER IDENTIFIER | |
| control field | CO-CtgCURN |
| 005 - DATE AND TIME OF LATEST TRANSACTION | |
| control field | 20250331185243.0 |
| 007 - PHYSICAL DESCRIPTION FIXED FIELD--GENERAL INFORMATION | |
| fixed length control field | ta |
| 008 - FIXED-LENGTH DATA ELEMENTS--GENERAL INFORMATION | |
| fixed length control field | 080403s2006 ck fr 000 0dspa |
| 015 ## - NATIONAL BIBLIOGRAPHY NUMBER | |
| National bibliography number | ck-2006-xxxx |
| 020 ## - INTERNATIONAL STANDARD BOOK NUMBER | |
| International Standard Book Number | 9588308003 |
| 040 ## - CATALOGING SOURCE | |
| Original cataloging agency | CO-CtgCURN |
| Language of cataloging | spa |
| Transcribing agency | coctgcurn |
| 082 04 - DEWEY DECIMAL CLASSIFICATION NUMBER | |
| Edition information | 21 |
| Classification number | 657 |
| Item number | M779 |
| 100 1# - MAIN ENTRY--PERSONAL NAME | |
| Personal name | Montes Salazar, Carlos Alberto. |
| 245 10 - TITLE STATEMENT | |
| Title | Introducción al pensamiento contable de Richard Mattessich / |
| Statement of responsibility, etc. | Carlos Alberto Montes Salazar, Eutimio Mejia Soto, Omar de Jesús Montilla Galvis. |
| 250 ## - EDITION STATEMENT | |
| Edition statement | 1a. ed. |
| 260 ## - PUBLICATION, DISTRIBUTION, ETC. | |
| Place of publication, distribution, etc. | Cali : |
| Name of publisher, distributor, etc. | Universidad Libre, |
| Date of publication, distribution, etc. | 2006. |
| 300 ## - PHYSICAL DESCRIPTION | |
| Extent | 177 p. ; |
| Dimensions | 23 cm. |
| 336 ## - CONTENT TYPE | |
| Source | rdacontent |
| 337 ## - MEDIA TYPE | |
| Source | rdamedia |
| Media type term | sin mediacion |
| Media type code | n |
| 338 ## - CARRIER TYPE | |
| Source | rdacarrier |
| Carrier type term | volumen |
| Carrier type code | nc |
| 500 ## - GENERAL NOTE | |
| General note | Datos biograficos de los autores en solapa. |
| 504 ## - BIBLIOGRAPHY, ETC. NOTE | |
| Bibliography, etc. note | Bibliografia: p. 153-177. |
| 505 8# - FORMATTED CONTENTS NOTE | |
| Formatted contents note | Capitulo I: Aproximacion, desarrollo cronologico y comparacion entre supuestos basicos y postulados en la obra de richard mattessich.-- Capitulo II: hitos de la evolucion de la contabilidad desde la segunda mitad del siglo xx.-- Capitulo III: Algunos desarrollos teoricos, tradiciones de Investigación y etica en richard mattessich.-- Capitulo IV: Paradigmas, programas, subprogramas, normativismo y otros aportes.-- Capitulo V: Consideraciones generales de la obra de richard mattessich.-- Conclusiones |
| 520 ## - SUMMARY, ETC. | |
| Summary, etc. | Este texto es resultado del trabajo academico conjunto de la Red de Investigación Interinstitucional entre las universidades del Quindio, del Valle y Libre Secciónal Cali. Busca contribuir al debate sobre la condicion cientifica de la contabilidad. Como un valor agregado adicional, trata con rigurosidad un tema que poco se ve por escrito o como tesis de Investigación en el pais y en toda America Latina. Muy pocas publicaciones de caracter investigativo en contabilidad germinan y crecen a lo largo años de discusion pública entre academicos y expertos, como sucede con este trabajo. En todos los espacios se expresaba la necesidad de contar con un texto escrito que superara la volatilidad de una conferencia. Los colegas que asi lo sugirieron tienen hoy entre sus manos una respuesta concreta. |
| 590 ## - LOCAL NOTE (RLIN) | |
| Local note | Contaduria Pública |
| 600 10 - SUBJECT ADDED ENTRY--PERSONAL NAME | |
| Personal name | Mattessich, Richard |
| General subdivision | Critica e interpretacion |
| 9 (RLIN) | 478. |
| 650 14 - SUBJECT ADDED ENTRY--TOPICAL TERM | |
| Topical term or geographic name entry element | Contabilidad |
| Form subdivision | Normas. |
| 650 14 - SUBJECT ADDED ENTRY--TOPICAL TERM | |
| Topical term or geographic name entry element | Contabilidad |
| General subdivision | Historia. |
| 700 1# - ADDED ENTRY--PERSONAL NAME | |
| Personal name | Mejia Soto, Eutimio. |
| 700 1# - ADDED ENTRY--PERSONAL NAME | |
| Personal name | Montilla Galvis, Omar de Jesús. |
| 942 ## - ADDED ENTRY ELEMENTS (KOHA) | |
| Koha item type | Libros |
| Classification part | 657 |
| Item part | M779 |
| Source of classification or shelving scheme | Dewey Decimal Classification |
| Withdrawn status | Lost status | Source of classification or shelving scheme | Damaged status | Not for loan | Collection | Home library | Current library | Shelving location | Date acquired | Source of acquisition | Cost, normal purchase price | Inventory number | Total checkouts | Full call number | Barcode | Date last seen | Copy number | Price effective from | Koha item type | Public note |
|---|---|---|---|---|---|---|---|---|---|---|---|---|---|---|---|---|---|---|---|---|
| Dewey Decimal Classification | General | Miguel Henríquez Castañeda | Miguel Henríquez Castañeda | General | 04/25/2017 | International Books | 48000.00 | 018507 | 657 M779 | 018507 | 04/25/2017 | 1 | 04/25/2017 | Libros | 650-ADMINS | |||||
| Dewey Decimal Classification | General | Miguel Henríquez Castañeda | Miguel Henríquez Castañeda | General | 04/25/2017 | International Books | 48000.00 | 018550 | 657 M779 | 018550 | 04/25/2017 | 2 | 04/25/2017 | Libros | 650-ADMINS |